000 00562nam a2200169 a 4500
001 000020918
005 20200930011204.0
008 100824sxxuu dr 000 0 spa d
040 _aDO-SdBNP
_bspa
_cBNPHU
082 _axxx
_bA148d
100 1 _aAbinader, José Rafael
_911652
245 1 3 _aEl desarrollo económico y social de la República Dominicana /
_cJosé Rafael Abinader.
260 _a[Santo Domingo] :
_b[s.n],
_c[200?].
300 _a121 p. ;
_c22 cm.
500 _aPrimer premio juegos Florales Hispano-Dominicanos Tema IV año 1975
049 _aBNPD
999 _c20421
_d20421